000 01458nam0a22002531 4500
001 rc\3212536
005 20250530103001.0
021 _aRU
_bРг8309-76
021 _aRU
_b76-42083
035 _a(NLR Aleph) 007359881
090 _a6296862
_c6296862
100 _a20130115d1976 |||y0rusy50 ca
101 0 _arus
102 _aRU
105 _ay z |||||
200 1 _aТезисы докладов и сообщений на всесоюзном научно-техническом семинаре "Опыт планирования производства с применением автоматизированных систем обработки информации"
_fЦентр. правл. Науч.-техн. о-ва металлургии. М-во черной металлургии СССР. ЦК Профсоюза рабочих металлург. пром-сти. ЦНИИ информации и техн.-экон. исследований черной металлургии
210 _aМосква
_cБ. и.
_d1976
215 _a24 с.
_d21
710 1 2 _a"Опыт планирования производства с применением автоматизированных систем обработки информации", всесоюзный науч.-техн. семинар (1976; Москва)
801 0 _aRU
_bNLR
_gpsbo
801 1 _aRU
_bELAR
_2rusmarc
852 _aNLR
_j76-4/20446
942 _cBOOK
980 _aNB